|
|
|
|
| LEADER |
01848nam a2200349 a 4500 |
| 001 |
15577132 |
| 003 |
BD-DhAAL |
| 008 |
090722s2008 bg a b 000 0 eng d |
| 010 |
|
|
|a 2008419334
|
| 040 |
|
|
|a DLC
|c DLC
|d BD-DhAAL
|
| 082 |
0 |
0 |
|a 381/.41095492
|2 22
|
| 245 |
0 |
0 |
|a High-value agriculture in Bangladesh :
|b an assessment of agro-business opportunities and constraints.
|
| 260 |
|
|
|a Dhaka :
|b World Bank Office ;
|a Washington DC :
|b World Bank,
|c 2008.
|
| 300 |
|
|
|a xx, 106 pages :
|b illustrations ;
|c 29 cm.
|
| 490 |
0 |
|
|a Bangladesh development series ;
|v paper no. 21
|
| 490 |
0 |
|
|a Document of the World Bank
|
| 500 |
|
|
|a "Sustainable Development Department, Agriculture and Rural Development Unit, South Asia Region; IFC--South Asia Enterprise Development Facility."
|
| 500 |
|
|
|a Includes statistics.
|
| 504 |
|
|
|a Includes bibliographical references (p. 93-95).
|
| 526 |
|
|
|x Salim khan
Sr. program Associate
James P. Grant School.
Course name and no. N/A
|
| 541 |
1 |
|
|a A H Development publishing house
|e 00018484
|
| 650 |
|
0 |
|a Produce trade
|z Bangladesh.
|9 57897
|
| 650 |
|
0 |
|a Exports
|z Bangladesh.
|
| 710 |
2 |
|
|a World Bank.
|b Bangladesh Dhaka Office.
|
| 710 |
2 |
|
|a International Finance Corporation.
|b South Asia Enterprise Development Facility.
|9 57976
|
| 710 |
2 |
|
|a World Bank.
|b South Asia Regional Office.
|b Sustainable Development Unit.
|9 57975
|
| 710 |
2 |
|
|a World Bank.
|b Agriculture and Rural Development Unit.
|b South Asia Region.
|9 57977
|
| 710 |
2 |
|
|a World Bank.
|
| 852 |
4 |
|
|a SPH
|j General Shelf.
|
| 942 |
|
|
|2 ddc
|c BK
|
| 999 |
|
|
|c 2693
|d 2693
|
| 952 |
|
|
|0 0
|1 0
|2 ddc
|4 0
|6 381_410954920000000_HIG
|7 0
|9 2474
|a JPGSPH
|b JPGSPH
|d 2009-04-29
|e A H Development Publishing House.
|g 7800.00
|l 0
|o 381.41095492 HIG
|p 3060018484
|r 2009-07-22
|t 1
|w 2009-07-22
|y BK
|x Requisitioned by Salim khan, Sr. program Associate, James P. Grant School. Course name and no. N/A
|